| 000 | 00561nam a2200157 4500 | ||
|---|---|---|---|
| 001 | 5217 | ||
| 005 | 20181127175029.0 | ||
| 090 | 0 | 0 | _a244.2 G454a 1984 |
| 245 | 0 | 0 |
_aAn introduction to the Buddhist Canon : _b139 Buddhist scriptures / _cTranslated by R. W. Giebel. _h |
| 260 | 0 | 0 |
_aTaipei, Taiwan : _bThe Corporate Body of the Buddha Educational Foundation, _c1984. |
| 300 | 0 | 0 | _a309 p. ; 25 cm. |
| 500 | _aIn English & Chinese. | ||
| 650 | 0 | 0 |
_aBuddha and Buddhism --Sacred books. _x |
| 650 | 0 | 0 |
_aTripiṭaka --Introductions. _x |
| 999 |
_c4376 _d4376 |
||